| 000 | 00795nam a2200241 i 4500 | ||
|---|---|---|---|
| 001 | bg | ||
| 100 | 1 | _aSTOKŁOSA, Andrzej | |
| 245 | 1 | 0 |
_aPodstawy termodynamiki fenomenologicznej i statystycznej dla chemików : _bpodręcznik dla studentów wyższych szkół technicznych / _cAndrzej Stokłosa ; Politechnika Krakowska im. Tadeusza Kościuszki. |
| 250 | _aWyd. 2. | ||
| 260 |
_aKraków : _bPK, _c1999. |
||
| 300 |
_a220 s. : _bil. ; _c24 cm. |
||
| 504 | _aBibliogr. - Indeks. | ||
| 650 | 9 | _aTermodynamika | |
| 655 | _aPodręczniki akademickie | ||
| 710 | 0 | _aPolitechnika Krakowska im. Tadeusza Kościuszki | |
| 020 | _a8372420610 | ||
| 040 | _cBPK | ||
| 041 | 0 | _apl | |
| 080 | _a536.7(075.8) | ||
| 920 | _a83-7242-061-0 | ||
| 942 | _cKS | ||
| 008 | s pl f |000 0 pol | ||
| 999 |
_c37673 _d37673 |
||
| 856 |
_uhttp://koha.tu.koszalin.pl/cgi-bin/koha/opac-detail.pl?biblionumber=37673 _yKatalog online BPK |
||